00301nam a22000857a 4500008004100000022001400041040005500055245004200110260006300152230605b |||||||| |||| 00| 0 eng d a0972-0405 aNational Science LibrarycNational Science Library aISET journal of earthquake technology aRoorkee: bIndian Society of Earthquake Technology, c2002